| 000 | 00527nam a2200181 4500 | ||
|---|---|---|---|
| 003 | SEACOMMC | ||
| 005 | 20250411143936.0 | ||
| 008 | 250411b |||||||| |||| 00| 0 eng d | ||
| 020 |
_a 978-03-3399-442-9 _cRs.395.00 |
||
| 040 | _aSEACOMMC | ||
| 082 |
_a510.02465 _bH 226 |
||
| 100 | _a Holden, K | ||
| 245 | 1 |
_aIntroductory Mathematics for Economics and Business _c K Holden [and] A. W Pearson |
|
| 250 | _a2nd ed. | ||
| 260 |
_a London _b Macmillan Press _c 1992 |
||
| 650 | _a Mathematics-Economics Aspects | ||
| 942 | _cBOOK | ||
| 999 |
_c1198 _d1198 |
||